000 00970nam a2200217 4500
001 1361
008 840913r1955 inu b 00010 eng
010 _a84214123
020 _a0672602180 (pbk.)
100 1 0 _aHume, David,
_d1711-1776.
245 1 3 _aAn inquiry concerning human understanding :
_bwith a supplement, An abstract of A treatise of human nature /
_cDavid Hume ; edited, with an introduction by Charles W. Hendel.
260 0 _aIndianapolis :
_bBobbs-Merrill Educational Pub.,
_cc1955
300 _alvi, 198 p. ;
_c21 cm.
490 0 _aThe Library of liberal arts
500 _aOriginally published under title: Philosophical essays concerning human understanding.
504 _aIncludes bibliographies.
650 0 _aKnowledge, Theory of
_xEarly works to 1800.
700 1 0 _aHendel, Charles William,
_d1890-
700 1 1 _aHume, David,
_d1711-1776.
_tAbstract of A treatise of human nature.
_f1955.
740 0 1 _aPhilosophical essays concerning human understanding.
999 _c993
_d993